000 00514nam a2200193Ia 4500
005 20250923145048.0
008 008 250917s9999 xx 000 0 eng d
037 _aTextual
040 _aDSWL
_beng
_cDSWL
041 _aeng
_2eng
084 _qDSWL
245 0 _aCensus of India 1961, Madras
_cby Manager of Publications
260 _aDelhi
_bThe Manager of Publications
_c1964
300 _aviii,227p.
365 _aINR
_b9.75
925 _g9.75
942 _cTEXL
999 _c1446611
_d1446611